000 01493cam a2200409Ia 4500
001 56960
003 BJBSDDR
005 20251128151909.0
007 ta
008 000526s2004 sp bd 000 0 spa d
020 _a9788420636177
020 _a8420636177
029 0 _aPL#
_b8420636177
035 _a(OCoLC)ocm44182756
035 _a(OCoLC)44182756
040 _aPL#
_cPL#
_dMUQ
_dXII
_dDIBAM
_dBAKER
_dTEF
_dBTCTA
_dYDXCP
_bspa
041 _aspa
049 _aGRAL
050 1 4 _aR PN 44.5
_bE79b 2004
082 0 0 _a809
100 1 _aEstébanez Calderón, Demetrio.
_938506
245 1 0 _aBreve diccionario de términos literarios /
_cDemetrio Estébanez Calderón.
260 _aMadrid :
_bAlianza Editorial,
_c2004.
300 _a553 páginas ;
_c18 cm.
490 1 _aEl libro de bolsillo ;
_v8,111.
_aBiblioteca temática. Biblioteca de consulta
504 _aIncluye referencias bibliográficas [páginas 539-553].
650 0 _aLiterature
_vTerminology
_vDictionaries.
650 0 _aCriticism
_xTerminology
_vDictionaries.
650 4 _aLiteratura
_vTerminología
_vDiccionarios
_94450
650 4 _aLiteratura
_xHistoria y crítica
_vDiccionarios
_9752
650 0 _aTerminología literaria
_938568
650 4 _aCrítica literaria
_vTerminología
_94451
830 0 _aLibro de bolsillo (Alianza Editorial).
_pBiblioteca temática
_99458
_v8111
830 0 _aLibro de bolsillo (Alianza Editorial).
_pBiblioteca de consulta
_938567
942 _2lcc
_cBK
946 _aclperez
999 _c80316
_d80316